| 000 | 00641nam a22001817a 4500 | ||
|---|---|---|---|
| 008 | 101021t xxu||||| |||| 00| 0 eng d | ||
| 020 | _a1859648010 | ||
| 020 | _a9781859648018 | ||
| 082 |
_a428.24 _bPHI |
||
| 100 | 1 |
_aPhillips, Terry, _d1949- _93250 |
|
| 245 |
_aSkills in English. Speaking. Level 3. Student's CD / _cTery Phillips |
||
| 250 | _a2nd ed. | ||
| 260 |
_aLondon : _bGarnet education,2004 _c2004 |
||
| 300 |
_a1 sound disc : _bdigital, stereo. ; _c4 3/4 in. |
||
| 650 |
_913993 _aEnglish language _vTextbooks for foreign speakers. |
||
| 650 |
_910860 _aEnglish language _xStudy and teaching-- Foreign speakers |
||
| 942 |
_2ddc _cCDR |
||
| 999 |
_c14804 _d14804 |
||